| 000 | 01215nam a2200313 i 4500 | ||
|---|---|---|---|
| 001 | 44344 | ||
| 003 | ES-MaCES | ||
| 005 | 20210721182334.0 | ||
| 007 | cr ||||||||||| | ||
| 008 | 130403s2013 sp |||||||||||00||0 spa|d | ||
| 040 |
_aES-MaCES _bspa _cES-MaCES |
||
| 245 | 0 | 0 | _aDictamen 11-2013, sobre el Anteproyecto de Ley de servicios y colegios profesionales |
| 300 | _a21 p. (88 kb) | ||
| 593 |
_cEconomía y Fiscalidad _iD-011-2013 _f20131127 _rOrdinaria _vPresentes 46: 45 sí, 0 no, 1 abst. _sPleno ordinario |
||
| 650 | 4 |
_aorganización profesional _928372 |
|
| 650 | 4 |
_aprestaciones de vejez _927041 |
|
| 650 | 4 |
_aadministración de la seguridad social _930264 |
|
| 650 | 4 |
_alegislación de seguridad social _929855 |
|
| 650 | 4 |
_areforma de la seguridad social _930668 |
|
| 650 | 4 |
_aEspaña _926964 |
|
| 650 | 4 |
_arégimen jurídico _929894 |
|
| 653 | 1 | 0 | _aRelaciones laborales-Empleo |
| 650 | 4 |
_928420 _atrabajador profesional |
|
| 700 | 1 |
_917543 _aMarín Acevedo, Roberto J. _einterviniente |
|
| 710 | 1 |
_aEspaña _esolicitante _93236 _bMinisterio de Economía y Competitividad |
|
| 856 | 4 |
_uhttp://www.ces.es/documents/DIC/2013/11 _ytexto completo |
|
| 902 | _aDictamen | ||
| 942 |
_2CES _cDI _h2.0. |
||
| 999 |
_c44344 _d44344 |
||